000 00549nam a2200181Ia 4500
008 090124s9999 xx 000 0 und d
082 _b41666
100 _aगायकवाड विनोद
245 _a युगांत
250 _a1
260 _b"शांती पब्लिकेशन्स, पुणे"
_c2002
300 _a312
600 _aगायकवाड विनोद
630 _a युगांत
700 _aगायकवाड विनोद
730 _a युगांत
942 _cBOOK
999 _c107842
_d107842